00681nam a22002057a 450000500170000001000130001702000260003003500130005603700160006904000120008508200160009710000220011324501000013526000470023527000720028230000250035450000510037965000140043065000310044420170124110223.0 aB-219935 c660.00a9798177081052 aB-219935 bCen Lib/Ret aDPLbEN a338.83bKAR aKar, Rabi Narayan aMergers and acquisitions of enteprises :cby Rabi Narayan Kar bindian and global experiences / aNew DelhibNew century publications c2006 bNew Delhia4800/24, Bharat Ram road, Ansari road, Daryaganje110005 axiii,316p.c21cm(Hb) aIncludes bibliographical references and index  aEconomics aInternational enterprises